A distribution network reconfiguration using evolutionary particle swarm optimization for power loss reduction /
Saved in:
| Main Author: | |
|---|---|
| Format: | Thesis Book |
| Language: | English |
| Published: |
2012.
|
| Subjects: | |
| Tags: |
Add Tag
No Tags, Be the first to tag this record!
|
| LEADER | 01349cam a2200301 a 4500 | ||
|---|---|---|---|
| 001 | u876583 | ||
| 003 | SIRSI | ||
| 005 | 201303250930 | ||
| 008 | 130325s2012 my a t 000 0 eng m | ||
| 040 | |a UMM |d UMJ |e rda | ||
| 090 | |a TS176 |b UM 2012 Mohfs | ||
| 097 | |a TS176 |b UM 2012 Mohfs | ||
| 100 | 0 | |a Mohamad Fani Sulaima. | |
| 245 | 1 | 2 | |a A distribution network reconfiguration using evolutionary particle swarm optimization for power loss reduction / |c Mohamad Fani bin Sulaima. |
| 260 | |c 2012. | ||
| 300 | |a ix, 63 leaves : |b ill. ; |c 30 cm. | ||
| 502 | |a Dissertation (M.Eng.) -- Jabatan Kejuruteraan Rekabentuk dan Pembuatan, Fakulti Kejuruteraan, Universiti Malaya, 2012. | ||
| 504 | |a Bibliography: leaves 60-63. | ||
| 650 | 0 | |a Swarm intelligence. | |
| 650 | 0 | |a Mathematical optimization. | |
| 650 | 0 | |a Electric power distribution. | |
| 650 | 0 | |a Electric power |x Conservation. | |
| 710 | 2 | |a Universiti Malaya. |b Jabatan Kejuruteraan Rekabentuk dan Pembuatan. | |
| 900 | |a US-ZA | ||
| 596 | |a 1 7 | ||
| 999 | |a TS176 UM 2012 MOHFS |w LC |c 1 |i A515559951 |d 6/1/2014 |f 6/1/2014 |g 1 |l STACKS |m P01UTAMA |r Y |s Y |t TESIS |u 27/12/2013 | ||
| 999 | |a TS176 UM 2012 MOHFS |w LC |c 1 |i A516086246 |d 8/1/2015 |f 8/1/2015 |g 1 |l STACKS |m P07JURUTER |r N |s Y |t TESIS |u 8/1/2015 | ||
| 999 | |a TS176 UM 2012 MOHFS |w LC |c 2 |i A516086590 |d 8/1/2015 |f 8/1/2015 |g 1 |l COUNTER |m P07JURUTER |r N |s Y |t CD |u 8/1/2015 | ||
